|
|
|
|
| LEADER |
00809nab#a2200325#ar4500 |
| 001 |
000124635 |
| 003 |
SVKKK |
| 005 |
20181205150849.0 |
| 008 |
080218c2018 xo |||||||||||||||b|cze |
| FMT |
|
|
|
| 038 |
|
|
|a SVKKK
|
| 040 |
|
|
|a SVKKK
|b slo
|e AACR2
|
| 041 |
0 |
|
|a cze
|
| 044 |
|
|
|a xr
|c CZ
|
| 080 |
|
|
|a 784.4
|2 2011
|
| 080 |
|
|
|a 785.6
|2 2011
|
| 100 |
1 |
|
|a Jurková, Inka
|4 aut
|
| 245 |
1 |
0 |
|a Gipsy Kings
|c Inka Jurková; Antonín Jelínek
|
| 300 |
|
|
|b Fotogr.
|
| 610 |
2 |
4 |
|a The Original Gypsies of Camargue (hudobná skupina : Francúzsko)
|
| 650 |
0 |
4 |
|a koncerty
|z Praha (Česko)
|
| 655 |
|
4 |
|a romiká
|
| 773 |
0 |
|
|t Romano voďi
|g Roč. 15, č. 4 (2018), s. 4-7
|
| 700 |
1 |
|
|a Jelínek, Antonín
|4 pht
|
| 958 |
|
|
|a RQ
|
| 974 |
|
|
|a Fav
|
| 992 |
|
|
|a RBX
|
| BAS |
|
|
|
| 852 |
|
|
|a SVKKK
|b BIB
|
| 998 |
|
|
|a ROM
|